LIBRARY ONLINE CATALOGUE

Tropical mycology : (Record no. 6596)

MARC details
000 -LEADER
fixed length control field 00629cam a22002052 4500
001 - CONTROL NUMBER
control field 0000004693
005 - DATE AND TIME OF LATEST TRANSACTION
control field 20151217151938.0
008 - FIXED-LENGTH DATA ELEMENTS--GENERAL INFORMATION
fixed length control field 070528s xx 000 0 eng d
020 ## - INTERNATIONAL STANDARD BOOK NUMBER
International Standard Book Number 0851995438 :
Terms of availability GBP 50.00
040 ## - CATALOGING SOURCE
Original cataloging agency KABU
Transcribing agency KABU
050 #0 - LIBRARY OF CONGRESS CALL NUMBER
Classification number QK615.7
Item number .T76
245 10 - TITLE STATEMENT
Title Tropical mycology :
Remainder of title volume 2, micomycetes /
Statement of responsibility, etc. ed. by Roy Watling ... [et al.]
260 ## - PUBLICATION, DISTRIBUTION, ETC. (IMPRINT)
Place of publication, distribution, etc. Wallingford, England :
Name of publisher, distributor, etc. CABI,
Date of publication, distribution, etc. 2002.
300 ## - PHYSICAL DESCRIPTION
Extent xiv, 203 p.
650 #0 - SUBJECT ADDED ENTRY--TOPICAL TERM
Topical term or geographic name as entry element Fungi
General subdivision Tropics
-- Congresses.
-- 0000155397
700 1# - ADDED ENTRY--PERSONAL NAME
Personal name Watling, Roy.
-- 0000155398
908 ## - PUT COMMAND PARAMETER (RLIN)
Put command parameter 070528
950 ## - LOCAL HOLDINGS (RLIN)
-- 1
Holdings
Withdrawn status Lost status Source of classification or shelving scheme Not for loan Home library Current library Date acquired Total Checkouts Full call number Barcode Date last seen Price effective from Koha item type
    Library of Congress Classification   Kabarak, Main Campus Kabarak, Main Campus 17/12/2015   QK615.7 .T76 007292 17/12/2015 17/12/2015 General Collection